Urban growth in Japan and France = Croissance urbaine au Japon et en France

में बचाया:
ग्रंथसूची विवरण
मुख्य लेखक: Kobori, Iwao
स्वरूप: पुस्तक
भाषा:Undetermined
प्रकाशित: Tokyo Japan Society for the Promotion of Science 1978
विषय:
टैग : टैग जोड़ें
कोई टैग नहीं, इस रिकॉर्ड को टैग करने वाले पहले व्यक्ति बनें!
Thư viện lưu trữ: Trung tâm Học liệu Trường Đại học Cần Thơ
LEADER 00601nam a2200205Ia 4500
001 CTU_115264
008 210402s9999 xx 000 0 und d
082 |a 330.9 
082 |b K75 
100 |a Kobori, Iwao 
245 0 |a Urban growth in Japan and France = 
245 0 |b Croissance urbaine au Japon et en France 
245 0 |c Iwao Kobori 
260 |a Tokyo 
260 |b Japan Society for the Promotion of Science 
260 |c 1978 
650 |a Economic conditions,Economic conditions 
650 |z France,Japan 
904 |i Giang 
980 |a Trung tâm Học liệu Trường Đại học Cần Thơ